Sonography : (Record no. 279)

MARC details
000 -LEADER
fixed length control field 01436nam a22003617a 4500
001 - CONTROL NUMBER
control field 21539568
005 - DATE AND TIME OF LATEST TRANSACTION
control field 20230405121617.0
008 - FIXED-LENGTH DATA ELEMENTS--GENERAL INFORMATION
fixed length control field 230405b |||||||| |||| 00| 0 eng d
010 ## - LIBRARY OF CONGRESS CONTROL NUMBER
LC control number 2020939132
020 ## - INTERNATIONAL STANDARD BOOK NUMBER
International Standard Book Number 9780323661355
Qualifying information (hardcover)
020 ## - INTERNATIONAL STANDARD BOOK NUMBER
Canceled/invalid ISBN 9780323790802
Qualifying information (ebook)
020 ## - INTERNATIONAL STANDARD BOOK NUMBER
Canceled/invalid ISBN 9780323709477 (pbk)
040 ## - CATALOGING SOURCE
Original cataloging agency DLC
Language of cataloging eng
Description conventions rda
Transcribing agency KMU
Modifying agency KMU
042 ## - AUTHENTICATION CODE
Authentication code pcc
050 00 - LIBRARY OF CONGRESS CALL NUMBER
Classification number RC 78.7.U4
Item number C937 2021
100 ## - MAIN ENTRY--PERSONAL NAME
Personal name Curry, Reva A.
245 00 - TITLE STATEMENT
Title Sonography :
Remainder of title introduction to normal structure and function /
Statement of responsibility, etc. Reva Arnez Curry and Marilyn Prince
250 ## - EDITION STATEMENT
Edition statement Fifth edition.
264 #1 - PRODUCTION, PUBLICATION, DISTRIBUTION, MANUFACTURE, AND COPYRIGHT NOTICE
Place of production, publication, distribution, manufacture St. Louis, Missouri :
Name of producer, publisher, distributor, manufacturer Elsevier, Inc,
Date of production, publication, distribution, manufacture, or copyright notice [2021]
300 ## - PHYSICAL DESCRIPTION
Extent xvi, 704 pages :
Other physical details illustrations (some color) ;
Dimensions 29 cm
336 ## - CONTENT TYPE
Content type term text
Content type code txt
Source rdacontent
337 ## - MEDIA TYPE
Media type term unmediated
Media type code n
Source rdamedia
338 ## - CARRIER TYPE
Carrier type term volume
Carrier type code nc
Source rdacarrier
500 ## - GENERAL NOTE
General note Revised edition of: Sonography / Reva Curry, Betty Bates Tempkin. Fourth edition. [2016].
504 ## - BIBLIOGRAPHY, ETC. NOTE
Bibliography, etc. note Includes bibliographical references and index.
650 #0 - SUBJECT ADDED ENTRY--TOPICAL TERM
Topical term or geographic name entry element Diagnostic ultrasonic imaging.
650 #0 - SUBJECT ADDED ENTRY--TOPICAL TERM
Source of heading or term Human Anatomy
700 1# - ADDED ENTRY--PERSONAL NAME
Personal name Curry, Reva A.,
700 1# - ADDED ENTRY--PERSONAL NAME
Personal name Prince, Marilyn,
Relator term editor.
906 ## - LOCAL DATA ELEMENT F, LDF (RLIN)
a 7
b cbc
c orignew
d 2
e epcn
f 20
g y-gencatlg
942 ## - ADDED ENTRY ELEMENTS (KOHA)
Source of classification or shelving scheme Library of Congress Classification
Koha item type Non-Fiction
Suppress in OPAC No
Holdings
Withdrawn status Lost status Source of classification or shelving scheme Damaged status Not for loan Collection Home library Current library Shelving location Date acquired Source of acquisition Total Checkouts Full call number Barcode Date last seen Price effective from Koha item type
    Library of Congress Classification     Non-fiction Kapasa Makasa University Kapasa Makasa University Open Access 05.04.2023 ZLS   RC 78.7.U4 Cur 300187 05.04.2023 05.04.2023 Non-Fiction
    Library of Congress Classification     Non-fiction Kapasa Makasa University Kapasa Makasa University Open Access 05.04.2023 ZLS   RC 78.7.U4 Cur 300186 05.04.2023 05.04.2023 Non-Fiction
    Library of Congress Classification     Non-fiction Kapasa Makasa University Kapasa Makasa University Open Access 05.04.2023 ZLS   RC 78.7.U4 Cur 300185 05.04.2023 05.04.2023 Non-Fiction